| 000 | 00594nam a2200205 u 4500 | ||
|---|---|---|---|
| 005 | 20240524063645.0 | ||
| 008 | 160628s2004 es r 000 0 spa d | ||
| 020 | _a8498010101 | ||
| 035 | _aUPN01000211720 | ||
| 049 | _aI | ||
| 050 | 4 |
_aPZ74.7 _bY3.2 |
|
| 100 | 1 |
_aYamamoto, Lani _935505 |
|
| 245 | 1 | 0 |
_aAlberto/ _cLani Yamamoto ; tr. Lluisa Moreno Llort. |
| 260 |
_aBarcelona, Esp. : _bBlume, _cc2004. |
||
| 300 |
_a[26] p. : _bil. col. |
||
| 534 |
_pTítulo original: _tAlbert |
||
| 650 | 4 |
_aImaginación en niños _912146 |
|
| 650 | 0 |
_aHistorias de aventuras _94131 |
|
| 905 | _aInfantil | ||
| 999 |
_c183821 _d183821 |
||